[Event "British Chess Championships 2023: "]
[Site "The Venue, De Montfort University, 20 Western Boulevard, Leicester, LE2 7BU"]
[Date "2023.07.24"]
[Round "5"]
[Board "13"]
[White "Agnihotri, Aaryan"]
[Black "Gunn, Michael J"]
[Result "1-0"]
[WhiteElo "1564"]
[BlackElo "1606"]
[PlyCount "39"]
[EventDate "2023.07.21"]
[EventRounds "5"]
[EventCountry "ENG"]

1. e4 d6 2. d4 Nf6 3. Nc3 e5 4. dxe5 dxe5 5. Qxd8+ Kxd8 6. Nf3 Bd6 7. Bg5 Ke8 8.
Bc4 Be6 9. Bxe6 fxe6 10. O-O-O Nbd7 11. h3 a6 12. Rhf1 h6 13. Bd2 Nc5 14. Rde1 Rd8
15. Be3 Ncd7 16. a3 Rf8 17. Nd2 Nh5 18. Nc4 Ke7 19. Rd1 Nb6 20. Nxd6  1-0

[Event "British Chess Championships 2023: "]
[Site "The Venue, De Montfort University, 20 Western Boulevard, Leicester, LE2 7BU"]
[Date "2023.07.24"]
[Round "5"]
[Board "14"]
[White "Allen, Michael Ei"]
[Black "Blackburn, Jon Ew"]
[Result "0-1"]
[WhiteElo "1605"]
[BlackElo "1717"]
[PlyCount "65"]
[EventDate "2023.07.21"]
[EventRounds "5"]
[EventCountry "ENG"]

1. e4 e6 2. d4 d5 3. Nc3 Nf6 4. e5 Nfd7 5. Nce2 c5 6. c3 Nc6 7. a3 Be7 8. Nf3 O-O
9. Nf4 cxd4 10. cxd4 a6 11. Bd3 b5 12. Bxh7+ Kxh7 13. Qc2+ g6 14. Qxc6 Ra7 15. Qc2
Rc7 16. Qd3 Rh8 17. h4 Kg7 18. h5 Nf8 19. h6+ Kg8 20. Bd2 Rc6 21. Ke2 Bd7 22. h7+
Rxh7 23. Rxh7 Kxh7 24. Rh1+ Kg8 25. Nxd5 exd5 26. Qe3 g5 27. Nxg5 Bxg5 28. f4 Bg4+
29. Kd3 Bh4 30. g3 Qd7 31. Bc3 Qf5+ 32. Kd2 Be7 33. Qg1  0-1

[Event "British Chess Championships 2023: "]
[Site "The Venue, De Montfort University, 20 Western Boulevard, Leicester, LE2 7BU"]
[Date "2023.07.24"]
[Round "5"]
[Board "15"]
[White "Ball, Charlie J"]
[Black "Lambert, Martin"]
[Result "0-1"]
[WhiteElo "1578"]
[BlackElo "1694"]
[PlyCount "68"]
[EventDate "2023.07.21"]
[EventRounds "5"]
[EventCountry "ENG"]

1. e4 c5 2. d4 cxd4 3. c3 Nf6 4. Bd3 Nc6 5. Nf3 dxc3 6. Nxc3 d6 7. Bc4 e6 8. O-O
Be7 9. Qe2 a6 10. Rd1 Qc7 11. Bf4 b5 12. Bb3 O-O 13. e5 Nh5 14. exd6 Nxf4 15. dxc7
Nxe2+ 16. Nxe2 Ra7 17. Rac1 Rxc7 18. Ne5 Bb7 19. Nxc6 Bxc6 20. Rd2 Rfc8 21. Rdc2
Bd6 22. Nd4 Bb7 23. Rxc7 Rxc7 24. Rxc7 Bxc7 25. Nf3 Bxf3 26. gxf3 Be5 27. a4 bxa4
28. Bxa4 Bxb2 29. Kf1 Kf8 30. Ke2 e5 31. Ke3 Bd4+ 32. Ke2 Ke7 33. Bc2 h6 34. h3 Kd6
 0-1

[Event "British Chess Championships 2023: "]
[Site "The Venue, De Montfort University, 20 Western Boulevard, Leicester, LE2 7BU"]
[Date "2023.07.24"]
[Round "5"]
[Board "16"]
[White "Dairi, Ramsey"]
[Black "Pride, Stephen C"]
[Result "1-0"]
[WhiteElo "1693"]
[BlackElo "1584"]
[PlyCount "91"]
[EventDate "2023.07.21"]
[EventRounds "5"]
[EventCountry "ENG"]

1. e4 Nf6 2. e5 Nd5 3. d4 d6 4. Nf3 c6 5. Be2 Bf5 6. c3 dxe5 7. Nxe5 Nd7 8. Nxd7
Qxd7 9. O-O e6 10. Be3 Be7 11. Nd2 O-O 12. Nf3 Nxe3 13. fxe3 Bf6 14. Bd3 Bxd3 15.
Qxd3 c5 16. Rad1 cxd4 17. exd4 Rfd8 18. Nd2 Qc7 19. Ne4 Be7 20. Qf3 f5 21. Ng3 Bf6
22. Nh5 Rf8 23. g4 g6 24. Nf4 Rfe8 25. gxf5 exf5 26. Rde1 Qd7 27. Qg2 Rxe1 28. Rxe1
Re8 29. Qd5+ Qxd5 30. Rxe8+ Kf7 31. Nxd5 Bxd4+ 32. Re3 Bxe3+ 33. Nxe3 Ke6 34. Kf2
b5 35. Kf3 g5 36. Nc2 Ke5 37. Nd4 a6 38. Nc6+ Kd6 39. Nb4 a5 40. Nc2 Ke5 41. Nd4
b4 42. Nc6+ Kd6 43. Nxa5 bxc3 44. bxc3 Kc5 45. Nb3+ Kc4 46. a4  1-0

[Event "British Chess Championships 2023: "]
[Site "The Venue, De Montfort University, 20 Western Boulevard, Leicester, LE2 7BU"]
[Date "2023.07.24"]
[Round "5"]
[Board "17"]
[White "Harrison, Oliver"]
[Black "Rao, Shree"]
[Result "1-0"]
[WhiteElo "1693"]
[BlackElo "1599"]
[PlyCount "51"]
[EventDate "2023.07.21"]
[EventRounds "5"]
[EventCountry "ENG"]

1. e4 e6 2. d4 d5 3. Nd2 c5 4. c3 Nf6 5. e5 Nfd7 6. f4 Nc6 7. Ngf3 Qb6 8. Qa4 cxd4
9. cxd4 Bb4 10. a3 Bxd2+ 11. Bxd2 Qxb2 12. Rc1 Nb6 13. Qb5 Qxb5 14. Bxb5 Bd7 15.
Bd3 O-O 16. h4 h5 17. Kf2 Rfc8 18. Rcg1 Nc4 19. Bc1 g6 20. g4 hxg4 21. h5 gxh5 22.
Rxh5 Kf8 23. f5 exf5 24. Bg5 f6 25. Bxf6 Kf7 26. Ng5+  1-0

[Event "British Chess Championships 2023: "]
[Site "The Venue, De Montfort University, 20 Western Boulevard, Leicester, LE2 7BU"]
[Date "2023.07.24"]
[Round "5"]
[Board "18"]
[White "Homer, Neil S"]
[Black "Skelton, Jason"]
[Result "1/2-1/2"]
[WhiteElo "1648"]
[BlackElo "1456"]
[PlyCount "82"]
[EventDate "2023.07.21"]
[EventRounds "5"]
[EventCountry "ENG"]

1. e4 c6 2. d4 d5 3. exd5 cxd5 4. Bd3 Nc6 5. c3 Nf6 6. Bf4 Bg4 7. Qb3 Qd7 8. h3 Bh5
9. Nd2 e6 10. Ngf3 Bd6 11. Bxd6 Qxd6 12. Qxb7 Rb8 13. Qa6 O-O 14. O-O Rb6 15. Qa3
Qxa3 16. bxa3 Bxf3 17. Nxf3 Rc8 18. Rfb1 Na5 19. Rxb6 axb6 20. Rb1 Rxc3 21. Rxb6
g6 22. Ne5 Rxa3 23. Rb2 Ra4 24. Nf3 Nc4 25. Bxc4 dxc4 26. Rc2 Nd5 27. Ne5 c3 28.
Nf3 Rb4 29. Kf1 Rb2 30. Ne1 Nb4 31. Rxc3 Rxa2 32. Rb3 Nc2 33. Nxc2 Rxc2 34. Ke1 h5
35. h4 Kg7 36. Rd3 Kf6 37. Rd2 Rxd2 38. Kxd2 Kf5 39. Ke3 f6 40. g3 g5 41. Kf3 gxh4
 1/2-1/2

[Event "British Chess Championships 2023: "]
[Site "The Venue, De Montfort University, 20 Western Boulevard, Leicester, LE2 7BU"]
[Date "2023.07.24"]
[Round "5"]
[Board "19"]
[White "Szwajkun, Richard"]
[Black "Ananyev, Yaroslav"]
[Result "1-0"]
[WhiteElo "1644"]
[BlackElo "1564"]
[PlyCount "89"]
[EventDate "2023.07.21"]
[EventRounds "5"]
[EventCountry "ENG"]

1. d4 d5 2. Nf3 Nf6 3. Bg5 e6 4. Nbd2 Be7 5. e3 O-O 6. c4 c6 7. Bd3 h6 8. Bf4 Bd6
9. Bxd6 Qxd6 10. c5 Qe7 11. Ne5 Nbd7 12. f4 Nxe5 13. fxe5 Nd7 14. O-O f5 15. exf6
Rxf6 16. Rxf6 Qxf6 17. Qf3 Qxf3 18. Nxf3 Nf6 19. Ne5 Nd7 20. Nxd7 Bxd7 21. b4 Re8
22. e4 Rf8 23. Rf1 Rxf1+ 24. Kxf1 Kf7 25. e5 Kg8 26. Bg6 Kf8 27. g4 Be8 28. Bd3 g6
29. h4 h5 30. g5 a6 31. a4 Kg7 32. Ke1 Kf8 33. Kd2 Ke7 34. Kc3 Kd8 35. b5 cxb5 36.
axb5 a5 37. b6 a4 38. Kb4 Kc8 39. Bc2 Kd8 40. Bxa4 Bxa4 41. Kxa4 Kc8 42. Kb5 Kd7
43. c6+ bxc6+ 44. Ka6 c5 45. b7  1-0

[Event "British Chess Championships 2023: "]
[Site "The Venue, De Montfort University, 20 Western Boulevard, Leicester, LE2 7BU"]
[Date "2023.07.24"]
[Round "5"]
[Board "20"]
[White "Jones, Paul W"]
[Black "Mehrgan, Mehrsam"]
[Result "1-0"]
[WhiteElo "1637"]
[BlackElo "1118"]
[PlyCount "47"]
[EventDate "2023.07.21"]
[EventRounds "5"]
[EventCountry "ENG"]

1. e4 c6 2. Nf3 d5 3. Nc3 Bg4 4. h3 Bh5 5. exd5 cxd5 6. g4 Bg6 7. Bb5+ Nc6 8. Ne5
Rc8 9. h4 Qd6 10. d4 h6 11. Bf4 Qd8 12. Nxg6 fxg6 13. Qd3 Kf7 14. h5 gxh5 15. gxh5
Nf6 16. Qg6+ Ke6 17. O-O-O Kd7 18. Bf1 Qe8 19. Bh3+ e6 20. Qd3 Bd6 21. Bxd6 Kxd6
22. Rde1 Nd8 23. Qg3+ Ke7 24. Qxg7+  1-0

[Event "British Chess Championships 2023: "]
[Site "The Venue, De Montfort University, 20 Western Boulevard, Leicester, LE2 7BU"]
[Date "2023.07.24"]
[Round "5"]
[Board "21"]
[White "Mccormick, Graeme S"]
[Black "Woolf, Ben"]
[Result "1/2-1/2"]
[WhiteElo "1523"]
[BlackElo "1630"]
[PlyCount "76"]
[EventDate "2023.07.21"]
[EventRounds "5"]
[EventCountry "ENG"]

1. e4 c6 2. g3 d5 3. Nc3 d4 4. Nce2 e5 5. d3 Be7 6. Bg2 Be6 7. f4 f6 8. Nf3 Nd7 9.
O-O Bg4 10. h3 Bxf3 11. Rxf3 Nh6 12. f5 Nf7 13. h4 Qb6 14. Kh2 c5 15. c3 Bd6 16.
cxd4 exd4 17. Nf4 Bxf4 18. Bxf4 Nfe5 19. Rf2 Rc8 20. Qh5+ Kf8 21. Rd2 Ke7 22. Qd1
Rc6 23. a3 Rhc8 24. b4 cxb4 25. axb4 a6 26. g4 Qc7 27. g5 Rc1 28. gxf6+ Nxf6 29.
Rxc1 Nfg4+ 30. Kg3 Qxc1 31. Qxc1 Rxc1 32. Bh3 h5 33. Bxg4 Nxg4 34. e5 Rb1 35. Bg5+
Ke8 36. e6 Rxb4 37. Rc2 Nf6 38. Rc8+ Ke7  1/2-1/2

[Event "British Chess Championships 2023: "]
[Site "The Venue, De Montfort University, 20 Western Boulevard, Leicester, LE2 7BU"]
[Date "2023.07.24"]
[Round "5"]
[Board "22"]
[White "White, Nicholas E"]
[Black "Blackburn, Sandra G"]
[Result "1/2-1/2"]
[WhiteElo "1511"]
[BlackElo "1621"]
[PlyCount "65"]
[EventDate "2023.07.21"]
[EventRounds "5"]
[EventCountry "ENG"]

1. d4 d5 2. Nc3 Nf6 3. Bf4 c6 4. e3 Bf5 5. Nf3 Nbd7 6. h3 e6 7. a3 Qb6 8. Na4 Qa5+
9. c3 Ne4 10. b4 Qd8 11. Bd3 b5 12. Nc5 Ndxc5 13. dxc5 Nxc3 14. Qc2 Bxd3 15. Qxd3
Ne4 16. Ne5 Rc8 17. O-O Be7 18. a4 a6 19. axb5 axb5 20. Ra6 O-O 21. Nxc6 Qe8 22.
Qxb5 Bf6 23. Qb7 Ra8 24. Rxa8 Qxa8 25. Qxa8 Rxa8 26. Ne5 Bxe5 27. Bxe5 f6 28. Bc7
Ra4 29. Ba5 Nxc5 30. bxc5 Rxa5 31. Rc1 Ra8 32. c6 Rc8 33. Kf1  1/2-1/2

[Event "British Chess Championships 2023: "]
[Site "The Venue, De Montfort University, 20 Western Boulevard, Leicester, LE2 7BU"]
[Date "2023.07.24"]
[Round "5"]
[Board "23"]
[White "Gorskovs, Andrejs"]
[Black "London, Nick J"]
[Result "1-0"]
[WhiteElo "1599"]
[BlackElo "1722"]
[PlyCount "93"]
[EventDate "2023.07.21"]
[EventRounds "5"]
[EventCountry "ENG"]

1. e4 Nf6 2. e5 Nd5 3. d4 d6 4. c4 Nb6 5. f4 dxe5 6. fxe5 Nc6 7. Be3 Bf5 8. Nf3 e6
9. Nc3 Be7 10. Qd2 O-O 11. O-O-O Na5 12. c5 Nac4 13. Qf2 Nxe3 14. Qxe3 Nd5 15. Qd2
c6 16. Bd3 Bg4 17. Kb1 Nb4 18. Be4 f5 19. exf6 Bxf6 20. a3 Nd5 21. h3 Bxf3 22. gxf3
Bg5 23. Qd3 Nf6 24. h4 Bh6 25. Rde1 Qd7 26. Rhg1 Rad8 27. Rd1 Qe7 28. Rge1 Qc7 29.
Qc4 Nd5 30. Qa4 b5 31. cxb6 axb6 32. Bc2 Ne3 33. Rd3 Nxc2 34. Qxc2 Rde8 35. Qb3 Qd6
36. Qxb6 Rb8 37. Qc5 Qh2 38. Re2 Qh1+ 39. Ka2 Bc1 40. Rd1 Qxf3 41. Rxc1 Qf4 42. Rce1
Rfe8 43. Qxc6 Qxd4 44. Rxe6 Rec8 45. Re8+ Rxe8 46. Rxe8+ Kf7 47. Qe6#  1-0

[Event "British Chess Championships 2023: "]
[Site "The Venue, De Montfort University, 20 Western Boulevard, Leicester, LE2 7BU"]
[Date "2023.07.24"]
[Round "5"]
[Board "24"]
[White "Sargeant, Christopher"]
[Black "Brown, Chris"]
[Result "1/2-1/2"]
[WhiteElo "1714"]
[BlackElo "1477"]
[PlyCount "54"]
[EventDate "2023.07.21"]
[EventRounds "5"]
[EventCountry "ENG"]

1. d4 d5 2. Nc3 Nf6 3. Bg5 c6 4. Bxf6 exf6 5. e3 Bd6 6. Bd3 Be6 7. Nf3 Na6 8. Bxa6
bxa6 9. Qd3 Qa5 10. O-O h5 11. Rfe1 g5 12. e4 Kd7 13. exd5 cxd5 14. a3 h4 15. Nd1
g4 16. Nd2 g3 17. fxg3 hxg3 18. hxg3 Rag8 19. Re3 Qc7 20. Nf1 Rg7 21. Kf2 Rhg8 22.
Nc3 f5 23. Nxd5 Bxd5 24. Qxf5+ Be6 25. Qd3 Bc4 26. Qf5+ Be6 27. Qd3 Bc4  1/2-1/2

[Event "British Chess Championships 2023: "]
[Site "The Venue, De Montfort University, 20 Western Boulevard, Leicester, LE2 7BU"]
[Date "2023.07.24"]
[Round "5"]
[Board "25"]
[White "Scott, Jane"]
[Black "Meredith, Daniel"]
[Result "0-1"]
[WhiteElo "1477"]
[BlackElo "1681"]
[PlyCount "87"]
[EventDate "2023.07.21"]
[EventRounds "5"]
[EventCountry "ENG"]

1. e4 c5 2. c3 Nf6 3. e5 Nd5 4. d4 cxd4 5. cxd4 Nc6 6. Nf3 d6 7. Bc4 Nb6 8. Bb3 Bg4
9. Bxf7+ Kd7 10. Bb3 Rc8 11. O-O Kc7 12. Bf4 Kb8 13. exd6 exd6 14. d5 Ne5 15. Bxe5
dxe5 16. Qe2 Bd6 17. Qe4 Bxf3 18. Qxf3 Rf8 19. Qd3 Qe7 20. Nc3 Rf6 21. Ne4 Rh6 22.
h3 g5 23. Rac1 Rg8 24. g4 Rh4 25. Kg2 h5 26. Ng3 hxg4 27. Nf5 gxh3+ 28. Kh1 Qh7 29.
Rcd1 e4 30. Qd4 Qxf5 31. Qe3 Qf3+ 32. Qxf3 exf3 33. Rg1 Bc5 34. Rd2 Nd7 35. Ba4 Nf6
36. d6 h2 37. Rc1 Ne4 38. Rdc2 Nxf2+ 39. Rxf2 Bxf2 40. Rf1 Rxa4 41. Rxf2 g4 42. Rxh2
g3 43. Rd2 Rxa2 44. Kg1  0-1

[Event "British Chess Championships 2023: "]
[Site "The Venue, De Montfort University, 20 Western Boulevard, Leicester, LE2 7BU"]
[Date "2023.07.24"]
[Round "5"]
[Board "26"]
[White "Woodhouse, Byron"]
[Black "Flint, James"]
[Result "1/2-1/2"]
[WhiteElo "1637"]
[BlackElo "1534"]
[PlyCount "52"]
[EventDate "2023.07.21"]
[EventRounds "5"]
[EventCountry "ENG"]

1. h3 Nf6 2. a3 e5 3. e3 d5 4. d4 Nc6 5. c4 Be7 6. Nc3 O-O 7. Qc2 exd4 8. cxd5 Nxd5
9. Nxd5 Qxd5 10. Nf3 dxe3 11. Bxe3 Re8 12. Bc4 Qa5+ 13. Ke2 Bf5 14. Qb3 Nd8 15. Rhd1
Be6 16. Bxe6 Nxe6 17. Rd5 Qa6+ 18. Ke1 Nf4 19. Bxf4 Bb4+ 20. Kd1 Qf1+ 21. Kc2 Re2+
22. Nd2 Bxd2 23. Rxd2 Rxd2+ 24. Bxd2 Qxa1 25. Qxb7 Re8 26. Qxa7 Qf1  1/2-1/2

[Event "British Chess Championships 2023: "]
[Site "The Venue, De Montfort University, 20 Western Boulevard, Leicester, LE2 7BU"]
[Date "2023.07.24"]
[Round "5"]
[Board "27"]
[White "Perkins, Chris"]
[Black "Walia, Michael Kanishk"]
[Result "1-0"]
[WhiteElo "1606"]
[BlackElo "1462"]
[PlyCount "81"]
[EventDate "2023.07.21"]
[EventRounds "5"]
[EventCountry "ENG"]

1. e4 e6 2. d4 d5 3. e5 c5 4. c3 Nc6 5. Nf3 Qb6 6. a3 a5 7. Bd3 Bd7 8. O-O cxd4 9.
Bc2 dxc3 10. Nxc3 Nge7 11. Be3 Qd8 12. Bg5 Qb8 13. Re1 Ng6 14. Qe2 Bc5 15. Rad1 O-O
16. h4 Re8 17. h5 Nf8 18. Be3 Be7 19. g4 Nxe5 20. g5 g6 21. Nxe5 Qxe5 22. f4 Qc7
23. Kg2 Bc6 24. Kf2 Bd6 25. Qd2 Rad8 26. Rh1 e5 27. hxg6 fxg6 28. Nxd5 Bxd5 29. Qxd5+
Qf7 30. f5 Qxd5 31. Rxd5 Bc7 32. Rxd8 Rxd8 33. Bb3+ Kh8 34. f6 Rb8 35. Bc5 Nd7 36.
Be7 Bb6+ 37. Kf3 Nc5 38. Bf7 e4+ 39. Ke2 Nd3 40. Bd6 Rd8 41. Bxg6  1-0

[Event "British Chess Championships 2023: "]
[Site "The Venue, De Montfort University, 20 Western Boulevard, Leicester, LE2 7BU"]
[Date "2023.07.24"]
[Round "5"]
[Board "28"]
[White "Taylor, Stephen A"]
[Black "Segat, Davide"]
[Result "0-1"]
[WhiteElo "1597"]
[BlackElo "1525"]
[PlyCount "58"]
[EventDate "2023.07.21"]
[EventRounds "5"]
[EventCountry "ENG"]

1. Nf3 e6 2. d4 f5 3. g3 Nf6 4. Bg2 Be7 5. O-O O-O 6. c4 d6 7. Nc3 a5 8. b3 Ne4 9.
Bb2 Nxc3 10. Bxc3 Bf6 11. e3 Qe8 12. Qc2 Nc6 13. a3 Ne7 14. h4 h6 15. Rad1 b6 16.
Nd2 Rb8 17. e4 e5 18. dxe5 dxe5 19. exf5 Bxf5 20. Be4 Qg6 21. Bxf5 Nxf5 22. Kh2 Bxh4
23. gxh4 Qg4 24. Qe4 Qh5 25. Nf3 Nxh4 26. Nxh4 Rf4 27. Qxf4 exf4 28. Kh3 g5 29. Rd7
Qxh4+  0-1

[Event "British Chess Championships 2023: "]
[Site "The Venue, De Montfort University, 20 Western Boulevard, Leicester, LE2 7BU"]
[Date "2023.07.24"]
[Round "5"]
[Board "29"]
[White "Lightfoot, David"]
[Black "Daly, Grant"]
[Result "1-0"]
[WhiteElo "1523"]
[BlackElo "1596"]
[PlyCount "73"]
[EventDate "2023.07.21"]
[EventRounds "5"]
[EventCountry "ENG"]

1. c4 e5 2. Nc3 Nc6 3. Nf3 g6 4. d4 Bg7 5. d5 Nd4 6. e4 c5 7. Bd3 d6 8. h3 f5 9.
O-O Nf6 10. Bg5 Nxf3+ 11. Qxf3 f4 12. Bxf6 Bxf6 13. a3 O-O 14. b4 b6 15. bxc5 bxc5
16. a4 a6 17. Rfb1 Rf7 18. Ra3 Rb7 19. Rxb7 Bxb7 20. Rb3 Qc7 21. g3 Bg5 22. h4 Bh6
23. Ne2 fxg3 24. Qxg3 Rf8 25. a5 Bc8 26. Rb6 Rf6 27. h5 Bd2 28. Rc6 Qd8 29. Qh4 Bxa5
30. Rxc8 Qxc8 31. Qxf6 Qg4+ 32. Ng3 gxh5 33. Be2 Qd7 34. Qe6+ Qxe6 35. dxe6 Kf8 36.
Nf5 Bc7 37. e7+  1-0

[Event "British Chess Championships 2023: "]
[Site "The Venue, De Montfort University, 20 Western Boulevard, Leicester, LE2 7BU"]
[Date "2023.07.24"]
[Round "5"]
[Board "30"]
[White "Smithson, Sean"]
[Black "Morris, Nigel W"]
[Result "0-1"]
[WhiteElo "1301"]
[BlackElo "1596"]
[PlyCount "40"]
[EventDate "2023.07.21"]
[EventRounds "5"]
[EventCountry "ENG"]

1. Nf3 g6 2. g3 Bg7 3. Bg2 e5 4. d3 Nc6 5. O-O d6 6. e4 Nge7 7. h3 O-O 8. Nh2 Be6
9. Be3 f5 10. exf5 gxf5 11. f4 exf4 12. Bxf4 Bxb2 13. Nd2 Bxa1 14. Qxa1 Ng6 15. Ndf3
Nxf4 16. gxf4 Qf6 17. Qe1 Rf7 18. Ng5 Re7 19. Nxe6 Rxe6 20. Bd5 Qd4+  0-1

[Event "British Chess Championships 2023: "]
[Site "The Venue, De Montfort University, 20 Western Boulevard, Leicester, LE2 7BU"]
[Date "2023.07.24"]
[Round "5"]
[Board "31"]
[White "Usher, Frank"]
[Black "Fleischer, Jeff H"]
[Result "1/2-1/2"]
[WhiteElo "1570"]
[BlackElo "1481"]
[PlyCount "89"]
[EventDate "2023.07.21"]
[EventRounds "5"]
[EventCountry "ENG"]

1. e4 e6 2. d4 d5 3. e5 c5 4. Nf3 cxd4 5. Bd3 Nc6 6. O-O Bd7 7. Re1 Rc8 8. Nbd2 Nge7
9. Nf1 Ng6 10. Bxg6 hxg6 11. Bf4 Qb6 12. Ng3 Bc5 13. Qe2 Nb4 14. a4 d3 15. cxd3 Nc6
16. Be3 Bxe3 17. fxe3 Nb4 18. Nd4 Nc6 19. Nxc6 Bxc6 20. d4 Qd8 21. Qf3 Qe7 22. b3
Bd7 23. Rec1 O-O 24. e4 Rxc1+ 25. Rxc1 Rc8 26. Rxc8+ Bxc8 27. exd5 Qb4 28. Qe4 exd5
29. Qxd5 Qe1+ 30. Nf1 Be6 31. Qxb7 Bg4 32. g3 Qe2 33. Qg2 Qd1 34. Qd2 Qxb3 35. Ne3
Qb1+ 36. Kf2 Bh3 37. Qd1 Qa2+ 38. Kf3 Bd7 39. Qc2 Qe6 40. a5 Bc6+ 41. Kf2 Qd7 42.
Qc5 Qb7 43. d5 Qb2+ 44. Nc2 Ba4 45. Qc8+  1/2-1/2

[Event "British Chess Championships 2023: "]
[Site "The Venue, De Montfort University, 20 Western Boulevard, Leicester, LE2 7BU"]
[Date "2023.07.24"]
[Round "5"]
[Board "32"]
[White "Osborne, Paul J"]
[Black "Blin, Henri"]
[Result "0-1"]
[WhiteElo "1544"]
[BlackElo "1464"]
[PlyCount "109"]
[EventDate "2023.07.21"]
[EventRounds "5"]
[EventCountry "ENG"]

1. e4 c5 2. Nc3 d6 3. Nf3 Nf6 4. e5 dxe5 5. Nxe5 g6 6. Bb5+ Bd7 7. Nxd7 Nbxd7 8.
Qf3 a6 9. Bxd7+ Qxd7 10. O-O Bg7 11. d3 O-O 12. Be3 Rac8 13. Na4 Qxa4 14. Qxb7 e6
15. b3 Qc6 16. Qxc6 Rxc6 17. Rad1 Nd5 18. Bd2 Nc3 19. Bxc3 Bxc3 20. g3 Ra8 21. Kg2
a5 22. a4 Rd8 23. h4 e5 24. Kf3 Rcd6 25. Rb1 f5 26. Rbc1 Rd4 27. Kg2 e4 28. dxe4
Rxe4 29. Kf3 Red4 30. Kg2 Re8 31. Kf3 Ree4 32. Kg2 Rd2 33. Kf3 Ree2 34. Rcd1 Rxf2+
35. Rxf2 Rxd1 36. Re2 Kf7 37. Re3 Bd4 38. Re2 Bc3 39. Re3 Bb4 40. c3 Ba3 41. Re5
Rd3+ 42. Re3 Rd1 43. Re5 Rb1 44. b4 cxb4 45. Rxa5 bxc3 46. Ra7+ Be7 47. Rc7 Rb3 48.
Ke2 Ra3 49. Ra7 Ra2+ 50. Kd1 Rg2 51. a5 Ke6 52. Rc7 Rxg3 53. a6 Rg2 54. Rxc3 Ra2
55. Re3+  0-1

[Event "British Chess Championships 2023: "]
[Site "The Venue, De Montfort University, 20 Western Boulevard, Leicester, LE2 7BU"]
[Date "2023.07.24"]
[Round "5"]
[Board "33"]
[White "Jones, Dixon H"]
[Black "Ananyev, Miron"]
[Result "1-0"]
[WhiteElo "1688"]
[BlackElo "1525"]
[PlyCount "91"]
[EventDate "2023.07.21"]
[EventRounds "5"]
[EventCountry "ENG"]

1. c4 e5 2. Nc3 Nf6 3. d3 Bb4 4. Bd2 Nc6 5. Nf3 d6 6. g3 O-O 7. Bg2 Be6 8. a3 Bc5
9. b4 Bd4 10. Nxd4 exd4 11. Ne4 Nxe4 12. Bxe4 Rb8 13. Bxc6 bxc6 14. Qa4 Qd7 15. Qxa7
Rb6 16. O-O c5 17. b5 Qc8 18. Qa4 Qa8 19. Qxa8 Rxa8 20. a4 Rb7 21. a5 Rba7 22. e3
d5 23. Rfc1 dxc4 24. exd4 cxd4 25. dxc4 Bd7 26. Bf4 c5 27. b6 Rb7 28. Bc7 Ra6 29.
Re1 f6 30. Re7 Bf5 31. Bd6 Rxe7 32. Bxe7 Bc8 33. Bxc5 d3 34. Be3 Kf7 35. c5 Ke7 36.
c6 Kd8 37. b7 Kc7 38. Bf4+ Kxc6 39. b8=Q Bb7 40. Rc1+ Kd5 41. Qxb7+ Ke6 42. Qxa6+
Kf7 43. Rc7+ Kg6 44. Qxd3+ f5 45. Rc6+ Kh5 46. Qf3#  1-0